01491nam a2200265Ia 450000500170000000800410001702000150005804100080007310000350008124500380011625000250015426400260017930000180020533600270022333700330025033800280028349000470031152106920035865000410105065000280109165000270111965000320114604000350117808400120121320220316235354.0121119s2002 sp gr 000 p spa  a84206334610 aspa1 aBorges, Jorge Luis,d1899-198610aObra poéticacJorge Luis Borges aQuinta reimpresión 1aMadridbAlianzac2002 a121 páginas atextobtxt2rdacontent asin mediaciónbn2rdamedia avolumenbnc2rdacarrier0 aEl libro de bolsillo : biblioteca de autor3 aBrillante en la forma, acerada y precisa en el concepto, rotunda en su expresión, la poesía de Jorge Luis Borges corre parejas con su genial obra narrativa. Este primer volumen de los tres que en esta «Biblioteca de autor» ocupa su Obra poética -que se presenta ordenada cronológicamente-, recoge los tres libros más tempranos de la poesía borgiana -Fervor de Buenos Aires (1923), Luna de enfrente (1925) y Cuaderno San Martín (1929)-, obras que, sucedidas por un prolongado silencio que no habría de romperse hasta 1960 con la publicación de El hacedor, conforman nítidamente la primera etapa de una de las trayectorias líricas más atractivas de nuestro siglo.142LEMBaLiteratura argentinaySiglo XX142LEMBaMuerte vPoesía142LEMBaPoesía amorosa142LEMBaNaturaleza vPoesía aCO-BoRNBPbspaerdacCO-BoRNBP aP BOR2